| 000 | 00567nam a22001817a 4500 | ||
|---|---|---|---|
| 003 | BDDh-ASL | ||
| 005 | 20231015031313.0 | ||
| 008 | 230405n x ||||| |||| 00| 0 b d | ||
| 040 |
_aBDDh-ASL _cBDDh-ASL |
||
| 041 | _aben | ||
| 082 |
_a297 _bWAM |
||
| 100 | 1 |
_aতালুকদার, উজির আলী _97894 |
|
| 245 | 1 | 0 | _aফরায়েযী পুথি / |
| 246 | _aFaraizi Puthi : ফরায়েজী পুথি | ||
| 300 | _a53 p. : | ||
| 650 | 0 |
_aPuthi Literature (পুঁথি সাহিত্য) _91492 |
|
| 942 |
_2ddc _cBK |
||
| 999 |
_c31698 _d31698 |
||